Khu hệ nấm lớn dưới tán rừng thông thuộc cao nguyên Lâm Viên /
Đã lưu trong:
| 主要作者: | |
|---|---|
| 其他作者: | |
| 格式: | Luận văn |
| 语言: | Vietnamese |
| 出版: |
Đà Lạt :
Trường Đại học Đà Lạt,
2001
|
| 主题: | |
| 标签: |
添加标签
没有标签, 成为第一个标记此记录!
|
| Thư viện lưu trữ: | Thư viện Trường Đại học Đà Lạt |
|---|
| LEADER | 00916nam a2200325 4500 | ||
|---|---|---|---|
| 001 | DLU030024059 | ||
| 005 | ##20030801 | ||
| 040 | # | # | |a DLU |b vie |
| 041 | # | # | |a vie |
| 044 | # | # | |a vn |
| 082 | # | # | |a 570 |b PH-K |
| 100 | # | # | |a Phan Khoa |
| 245 | # | # | |a Khu hệ nấm lớn dưới tán rừng thông thuộc cao nguyên Lâm Viên / |c Phan Khoa |
| 260 | # | # | |a Đà Lạt : |b Trường Đại học Đà Lạt, |c 2001 |
| 300 | # | # | |a 106 tr. ; |c 29 cm |
| 653 | # | # | |a Cao nguyên Lâm Viên |
| 653 | # | # | |a Khu hệ |
| 653 | # | # | |a Nấm |
| 653 | # | # | |a Rừng thông |
| 700 | # | # | |a Lê Bá Dũng |c TS. |e Cán bộ hướng dẫn |
| 901 | # | # | |a /libol50/attach/doc/doc20070619XXBS.pdf |
| 915 | # | # | |a Sinh học |c Thạc sĩ |d Trường Đại học Đà Lạt |
| 994 | # | # | |a DLU |
| 900 | # | # | |a True |
| 911 | # | # | |a Lê Nguyên Khang |
| 925 | # | # | |a G |
| 926 | # | # | |a A |
| 927 | # | # | |a LA |
| 980 | # | # | |a Thư viện Trường Đại học Đà Lạt |